The globalization of Turkish organized crime and the policy response

Gespeichert in:  
Bibliographische Detailangaben
1. VerfasserIn: Cengiz, Mahmut (Verfasst von)
Medienart: Druck Buch
Sprache:Englisch
Veröffentlicht: 2010
In:Jahr: 2010
Online-Zugang: Inhaltsverzeichnis
Verfügbarkeit prüfen: HBZ Gateway
Subito Bestelldienst: Jetzt bestellen.
Schlagwörter:

MARC

LEADER 00000cam a2200000 c 4500
001 1423083601
003 DE-627
005 20220530121859.0
007 tu
008 111114s2010 xx ||||| m 00| ||eng c
024 8 |a 3435745  |q Order no. 
035 |a (DE-627)1423083601 
035 |a (DE-576)353083607 
035 |a (DE-599)BSZ353083607 
040 |a DE-627  |b ger  |c DE-627  |e rakwb 
041 |a eng 
100 1 |a Cengiz, Mahmut  |4 aut 
109 |a Cengiz, Mahmut 
245 1 4 |a The globalization of Turkish organized crime and the policy response  |c by Mahmut Cengiz 
264 1 |c 2010 
300 |a X, 341 S.  |b graph. Darst., Kt. 
336 |a Text  |b txt  |2 rdacontent 
337 |a ohne Hilfsmittel zu benutzen  |b n  |2 rdamedia 
338 |a Band  |b nc  |2 rdacarrier 
502 |a Fairfax, Va., George Mason Univ., 2010 
655 7 |a Hochschulschrift  |0 (DE-588)4113937-9  |0 (DE-627)105825778  |0 (DE-576)209480580  |2 gnd-content 
751 |a Fairfax, Va.  |0 (DE-588)4205134-4  |0 (DE-627)703025503  |0 (DE-576)210166835  |4 uvp 
856 4 2 |u https://swbplus.bsz-bw.de/bsz353083607inh.htm  |m B:DE-576;DE-Frei85  |q application/pdf  |v 20111128173443  |x Verlag  |3 Inhaltsverzeichnis  |7 1 
935 |a mkri 
951 |a BO 
ELC |b 1 
LOK |0 000 xxxxxcx a22 zn 4500 
LOK |0 001 2695032676 
LOK |0 003 DE-627 
LOK |0 004 1423083601 
LOK |0 005 20111114150250 
LOK |0 008 111114||||||||||||||||ger||||||| 
LOK |0 040   |a DE-Frei85  |c DE-627  |d DE-Frei85 
LOK |0 852   |z Kopie, erschienen im Verlag Univ. Microfilms Internat., Ann Arbor, 2010 
LOK |0 852   |a DE-Frei85 
LOK |0 852 1  |m p  |9 00 
LOK |0 938   |k p 
LOK |0 939   |a 14-11-11  |b l01 
ORI |a SA-MARC-krimdoka001.raw